[Event "Anderssen Memorial Open-A 2020"]
[Site "Wroclaw"]
[Date "2020.08.04"]
[Round "5.1"]
[White "Barski, Radoslaw"]
[Black "Mondrzycki, Bartlomiej"]
[Result "1-0"]
[WhiteElo "2444"]
[BlackElo "2140"]
[Annotator "TA"]
[PlyCount "95"]
[EventDate "2020.08.01"]
[EventType "swiss"]
[EventCountry "POL"]
[SourceTitle "playchess.com"]
[Source "ChessBase"]
[SourceQuality "1"]

{[%evp 13,94,38,43,45,60,31,57,54,54,56,69,52,54,45,52,58,49,0,0,-30,-40,-12,-31,-73,-58,-75,-84,-84,-77,-176,-156,-152,-130,-188,-199,-240,-234,-330,-316,-327,-307,-305,-303,-421,-410,-367,-391,-363,-329,-330,-216,-190,-63,-211,-94,-98,-47,-82,-108,-226,583,598,1133,155,151,0,131,143,647,633,629,621,668,657,1385,1310,29994,29995,29995,1102,29996,29997,29999]} 1. d4 Nf6 2. c4 g6 3. Nc3 Bg7 4. e4 d6 5. h3 O-O 6. Be3 e5 7. d5 a5 8. g4 {E71: King's Indian: 4 e4 d6 5 h3.} Na6 9. Nge2 Nd7 10. h4 {White is slightly better.} Ndc5 11. Ng3 $1 c6 12. Be2 cxd5 13. cxd5 Bd7 14. Qd2 Nc7 15. h5 {[#]} b5 $146 {[%cal Bb7b5,Bb5b4][%mdl 32]} ({Predecessor:} 15... Re8 16. Bh6 Bxh6 17. Qxh6 Qe7 18. hxg6 fxg6 19. O-O-O Rf8 20. Rh2 Rf7 21. Rg1 Rg7 {0-1 (41) Hadzi Manev,L (2045)-Zelenika,S (2274) Sarajevo 2014}) 16. f3 b4 17. Nd1 Nb5 18. Bh6 {Threatens to win with Bxg7.} Qe7 $1 19. Bxg7 Kxg7 20. Bxb5 Bxb5 21. Ne3 ({Don't go for} 21. hxg6 $2 fxg6 22. Kf2 (22. a4 $2 Nxa4 23. Kf2 Kg8 $19) 22... Kg8 $19) (21. Nf2 $17) 21... Kh8 22. Kf2 Qg5 23. Rad1 (23. Kg1 $17) 23... Nd3+ $19 24. Kg1 {[#]} Nxb2 $1 {[%mdl 512]} 25. Rb1 (25. Qxb2 {was worth a try.} Qxe3+ {[%mdl 64] Double Attack} 26. Kg2) 25... Nd3 26. a3 Ra7 27. Rh2 Rc8 28. h6 Rac7 29. axb4 axb4 30. Nef1 Qf6 31. Qe3 Rc1 32. Rxc1 Rxc1 ({Better is} 32... Nxc1 $19 33. Qb6 Bxf1) 33. Qa7 (33. Ra2 $1 $15 Qd8 34. Qg5 $3 {[%mdl 576] Back Rank}) 33... Be8 {[#]} (33... Qd8 $1 $19 {is more deadly. White must now prevent ...b3.} 34. Qb7 Be8) 34. Qb8 $1 $17 {[%cal Rb8e8][%mdl 512]} Qe7 35. Ra2 {Intending Ra8 and mate.} Kg8 36. Ra7 {[#]} (36. Ne2 $17 Rc7 37. Ra8) 36... Qf8 $4 {[%mdl 8192]} (36... Rc8 $1 $19 {[%mdl 512] avoids the disaster.} 37. Qb6 (37. Qxc8 Qxa7+) 37... Qh4) 37. Ra8 $18 f6 38. Qxe8 $2 (38. Qa7 $18 {White wants to mate with Rxe8!} Ra1 39. Qxa1) 38... Qxe8 $16 39. Rxe8+ Kf7 {[#]} 40. Rb8 $1 Rc3 $2 {[%mdl 8192]} (40... Rb1 $16) 41. Rb7+ $18 Kg8 42. Nd2 Rc1+ 43. Ngf1 Re1 44. Nc4 Re2 45. Nxd6 {[%cal Rb7b8]} Kf8 46. Rf7+ Kg8 47. Re7 {[%cal Re7e8]} Kf8 48. Re8# {White used his chance. Accuracy: White = 58%, Black = 61%.} 1-0

[Event "Anderssen Memorial Open-A 2020"]
[Site "Wroclaw"]
[Date "2020.08.04"]
[Round "5.2"]
[White "Jankowiak, Tomasz"]
[Black "Cukrowski, Filip"]
[Result "1/2-1/2"]
[WhiteElo "2115"]
[BlackElo "2419"]
[Annotator "TA"]
[PlyCount "42"]
[EventDate "2020.08.01"]
[EventType "swiss"]
[EventCountry "POL"]
[SourceTitle "playchess.com"]
[Source "ChessBase"]
[SourceQuality "1"]

{[%evp 9,42,16,30,32,40,12,28,14,27,18,29,14,4,0,0,0,-7,-12,-16,-20,0,0,0,-52,-18,-9,0,0,0,-7,0,0,0,0,7]} 1. e4 e6 2. d4 d5 3. Bd3 c5 4. exd5 exd5 5. Nf3 Nc6 6. O-O {C01: French: Exchange Variation.} Nf6 7. Re1+ Be7 8. dxc5 {White has an edge.} O-O 9. Nbd2 Bxc5 10. Nb3 Bb6 11. Be3 Bg4 12. Bxb6 Qxb6 13. c3 a5 14. Rb1 $1 Ne4 {[#]} 15. Nbd4 $146 ({Predecessor:} 15. Re3 Rae8 16. Qc2 Nxf2 17. Bxh7+ Kh8 18. Rxe8 Ne4+ 19. Nfd4 Rxe8 20. Bxe4 dxe4 21. Qf2 {0-1 (48) Zenklusen,R (2392)-Rodshtein,M (2586) Biel 2007}) 15... Nxd4 16. cxd4 {[#]} (16. Bxe4 $11 Nxf3+ 17. Bxf3) 16... Ng5 $1 {[%mdl 512]} 17. Be2 $1 {The position is equal.} (17. Nxg5 Bxd1) 17... Ne6 18. Ne5 Bxe2 19. Rxe2 {Hoping for Nd7.} Qxd4 20. Qxd4 Nxd4 21. Rd2 Nc6 {Accuracy: White = 88%, Black = 91%.} 1/2-1/2

[Event "Anderssen Memorial Open-A 2020"]
[Site "Wroclaw"]
[Date "2020.08.04"]
[Round "5.4"]
[White "Nguyen, Alex Dac-Vuong"]
[Black "Sieciechowicz, Marcin"]
[Result "1-0"]
[WhiteElo "2366"]
[BlackElo "2372"]
[Annotator "TA"]
[PlyCount "47"]
[EventDate "2020.08.01"]
[EventType "swiss"]
[EventCountry "POL"]
[SourceTitle "playchess.com"]
[Source "ChessBase"]
[SourceQuality "1"]

{[%evp 16,47,9,14,27,21,35,-27,-47,-43,-52,-55,5,0,0,-21,9,4,15,23,11,3,0,0,28,12,18,17,40,26,50,50,74,0]} 1. e4 e6 2. d4 d5 3. Nc3 Nf6 4. e5 Nfd7 5. f4 c5 6. Nf3 Nc6 7. Be3 Be7 8. Qd2 O-O 9. dxc5 Bxc5 {C11: French: Classical System: 4 e5 and 4 Bg5 dxe4.} 10. O-O-O a6 11. Nd4 (11. Kb1 $14) 11... Nxd4 $11 {Black has an edge.} 12. Bxd4 b5 {[#]} 13. g4 $146 ({Predecessor:} 13. Qf2 Qc7 14. Bd3 b4 15. Na4 Bxd4 16. Qxd4 a5 17. Rhe1 Ba6 18. Re2 Rfc8 19. b3 {½-½ (62) Ledger,D (2126)-Eggleston,D (2396) Daventry 2020}) 13... Qb6 ({Black should try} 13... b4 $15 14. Ne2 a5) 14. Kb1 Bb7 15. Bg2 Bxd4 16. Qxd4 Rac8 17. Qxb6 Nxb6 18. Rhe1 Nc4 19. Rd3 b4 20. Ne2 a5 21. Nd4 Rfe8 22. Rdd1 Kf8 23. Bf1 a4 24. Nb5 {[%mdl 32768] Accuracy: White = 81%, Black = 79%. . Loss on time!?} (24. b3 $16 Na3+ 25. Kb2) 1-0

[Event "Anderssen Memorial Open-A 2020"]
[Site "Wroclaw"]
[Date "2020.08.04"]
[Round "5.5"]
[White "Zwahr, Paul"]
[Black "Chmiel, Marcin"]
[Result "1-0"]
[WhiteElo "2277"]
[BlackElo "2267"]
[Annotator "TA"]
[PlyCount "103"]
[EventDate "2020.08.01"]
[EventType "swiss"]
[EventCountry "POL"]
[SourceTitle "playchess.com"]
[Source "ChessBase"]
[SourceQuality "1"]

{[%evp 26,103,8,10,20,11,17,10,19,19,12,18,15,16,7,4,4,5,5,8,89,89,89,89,89,89,89,91,167,162,187,184,199,186,179,179,168,171,191,161,362,372,359,346,382,198,377,370,544,549,509,447,1411,1351,923,741,1987,2101,1583,1484,1513,1397,1943,1841,2108,1998,1591,1661,12798,10437,12797,12810,6079,7269,6545,6925,5712,5553,29991,29992]} 1. e4 c6 2. d4 d5 3. Nd2 dxe4 4. Nxe4 Bf5 5. Ng3 Bg6 6. h4 h6 7. Nf3 Nd7 8. h5 Bh7 9. Bd3 Bxd3 10. Qxd3 e6 11. Bd2 Ngf6 12. O-O-O Be7 13. Kb1 O-O {13...Qb6 is the modern continuation.} 14. Ne4 c5 {B19: Classical Caro-Kann: 4...Bf5 main line.} 15. g4 Nxg4 16. Qe2 Qb6 {The position is equal.} 17. Ne5 Ndxe5 18. dxe5 f5 $1 19. exf6 Nxf6 20. Rdg1 Nxe4 21. Qxe4 {[#] White threatens Rxg7+! and mate.} Bf6 $1 {[%csl Gf6][%cal Rb6b2]} (21... Rxf2 22. Rxg7+ Kxg7 23. Qg6+ Kh8 24. Qxh6+ Kg8 25. Rg1+ Bg5 26. Bxg5) 22. b3 {[#]} Qc6 $146 (22... c4 $11 {keeps the balance.}) ({Predecessor:} 22... c4 23. Bxh6 cxb3 24. axb3 Rf7 25. Bc1 Qxf2 26. Bb2 Bxb2 27. Kxb2 Qf5 28. Qe2 Qf2 29. Qxe6 {½-½ (40) So,W (2765)-Navara,D (2738) Saint Louis 2019}) 23. Qxc6 $16 {White leaves nothing to chance now.} bxc6 24. Bxh6 $1 Kh7 25. Be3 Bd4 26. Rg6 Rf6 (26... Rae8 $16) 27. Rhg1 $18 Rxg6 28. hxg6+ ({Resist} 28. Rxg6 Bf6 $16) 28... Kg8 29. Bxd4 cxd4 {[%mdl 4096] Endgame KR-KR} 30. Re1 Re8 31. Re4 c5 32. Re5 Rf8 $2 (32... c4 33. bxc4 Kf8) 33. Rxc5 ({Less strong is} 33. Rxe6 Rxf2 34. a4 Rf1+ 35. Kb2 Rf6 $18) 33... Rxf2 34. a4 {[%cal Ba2a4,Ba4a5,Ba5a6][%mdl 32]} Rf6 35. Rc8+ Rf8 36. Rc7 Rf6 (36... Ra8 $142 37. Re7 Kf8 38. Rxe6 Rb8) 37. Rxa7 {[#] Hoping for Ra8+.} Rxg6 38. a5 Rg5 (38... e5 $142 39. Re7 Ra6) 39. a6 Ra5 40. Kb2 g5 41. b4 Ra4 42. Kb3 Ra1 43. b5 g4 44. Re7 {Threatening mate with a7.} g3 45. Rxe6 Kf7 46. Re2 Kf6 47. Rg2 Ke5 48. Rxg3 Kd5 49. Rg5+ Kd6 50. Kb4 Ra2 51. Rg2 Kd5 52. c4+ {[%mdl 64] Discovered Attack. Accuracy: White = 94%, Black = 46%.} 1-0

[Event "Anderssen Memorial Open-A 2020"]
[Site "Wroclaw"]
[Date "2020.08.04"]
[Round "5.6"]
[White "Trybus, Daniel"]
[Black "Burian, Simon"]
[Result "1/2-1/2"]
[WhiteElo "1950"]
[BlackElo "2073"]
[Annotator "TA"]
[PlyCount "33"]
[EventDate "2020.08.01"]
[EventType "swiss"]
[EventCountry "POL"]
[SourceTitle "playchess.com"]
[Source "ChessBase"]
[SourceQuality "1"]

{[%evp 14,33,15,10,69,8,8,4,47,0,-7,-16,0,0,0,0,0,0,0,0,-16,-37]} 1. e4 c5 2. Nf3 d6 3. d4 cxd4 4. Nxd4 Nf6 5. Nc3 a6 6. a4 e6 7. Be3 Be7 8. Be2 b6 {B84: Sicilian Scheveningen: 6 Be2 a6, lines without early Be3.} (8... O-O $11) 9. Qd2 (9. a5 $14) 9... Bb7 $11 10. f3 Qc7 11. O-O (11. g4 $14) 11... O-O {The position is equal.} 12. Rfd1 Rd8 {[#]} 13. a5 $146 ({Predecessor:} 13. Nb3 Nc6 14. Bf1 Rab8 15. Qf2 Bc8 16. Rd2 Nb4 17. Rad1 d5 18. e5 Nd7 19. f4 {1-0 (44) Mamarajabov,S (1742)-Nauryzgaliev,A (1905) Chiavenna 2019}) 13... bxa5 14. Nb3 d5 {[%cal Rd5e4]} 15. e5 ({Reject} 15. Rxa5 dxe4 16. Qe1 Rxd1 $17) 15... Nfd7 16. f4 Bb4 17. Qe1 {Not much happened in this game. Accuracy: White = 71%, Black = 78%.} 1/2-1/2

[Event "Anderssen Memorial Open-A 2020"]
[Site "Wroclaw"]
[Date "2020.08.04"]
[Round "5.7"]
[White "Wong, Gengchun"]
[Black "Jankowiak, Piotr"]
[Result "0-1"]
[WhiteElo "2190"]
[BlackElo "2009"]
[Annotator "TA"]
[PlyCount "116"]
[EventDate "2020.08.01"]
[EventType "swiss"]
[EventCountry "POL"]
[SourceTitle "playchess.com"]
[Source "ChessBase"]
[SourceQuality "1"]

{[%evp 12,116,24,18,18,14,12,6,7,0,0,2,13,4,6,-2,0,-1,2,-22,-11,-12,-21,-28,-14,-16,-26,-79,-60,-65,-23,-288,-288,-291,-293,-291,-283,-349,-339,-341,-349,-352,-346,-296,-225,-221,-221,-222,-222,-266,-260,-261,-261,-266,-266,-330,-330,-425,-430,-416,-416,-423,-408,-412,-244,-239,0,-399,-379,-358,-280,-325,-311,-728,-726,-721,-722,-708,-699,-701,-686,-804,-785,-807,-779,-29974,-29975,-29974,-29975,-29975,-29976,-29977,-29976,-29977,-29978,-29978,-29979,-29979,-29980,-29982,-29983,-29982,-29981,-29983,-29984,-29984,-29984]} 1. Nf3 d5 2. c4 e6 3. g3 Nf6 4. Bg2 Be7 5. O-O O-O 6. b3 c5 7. cxd5 {is now more promising than 7.Bb2. Played by Vladislav Artemiev in June 2020.} Nxd5 {A14: English Opening: 1...e6 with b3 by White.} 8. Nc3 Bf6 9. Qc2 b6 {The position is equal.} 10. Bb2 Bb7 11. Rfd1 {[#]} Nb4 $146 ({Predecessor:} 11... Nc6 12. Rac1 Nxc3 13. Bxc3 Bxc3 14. Qxc3 Qe7 15. d4 Nxd4 16. Nxd4 Bxg2 17. Kxg2 cxd4 18. Rxd4 {½-½ (36) Lindsay,F (2250)-Pelts,P (2245) Chicago 1988}) 12. Qb1 {Black should prevent Ng5!} N8c6 13. h4 h6 14. Nh2 Rb8 15. Ng4 Be7 16. a3 Na6 17. Nb5 Nc7 18. Nxc7 Qxc7 19. Qc2 (19. e3 $11) 19... f5 $36 {[%mdl 2048] Black has good play.} 20. Nh2 Bf6 (20... f4 $5 {[%cal Rf4g3]} 21. g4 (21. Qg6 $2 Bf6 $19) 21... Bxh4 $15) 21. b4 $2 {[%mdl 8192]} (21. Bxf6 $11 {and White is okay.} Rxf6 22. e3) 21... Nd4 $19 ({Weaker is} 21... cxb4 22. Bxf6 Rxf6 23. axb4 $11) 22. Bxd4 Bxd4 23. Bxb7 Rxb7 ({But not} 23... Bxa1 24. Rxa1 Qxb7 25. bxc5 $19) 24. e3 Bxa1 25. Rxa1 cxb4 26. Qxc7 Rxc7 27. axb4 {[%mdl 4096] Endgame [#] KRR-KRN} a5 $1 28. bxa5 Ra8 29. a6 Rca7 30. Kg2 Rxa6 31. Rb1 Rb8 32. Nf3 b5 {[%cal Bb6b5,Bb5b4,Bb4b3][%mdl 32]} 33. Ne5 b4 34. d4 b3 35. Nd7 Rb5 {Threatens to win with ...b2.} 36. Nc5 Ra3 {Hoping for ...b2.} 37. Nd3 Ra2 (37... Ra8 $142 38. Kf3 Kf7) 38. Nc1 {[#]} Ra3 $2 (38... e5 $1 39. dxe5 Ra3) 39. Nd3 Ra8 40. Kf3 Rc8 41. Nc5 b2 {White must now prevent ...Ra8.} 42. Kf4 $2 {[#]} (42. Ke2) 42... e5+ $1 43. Kxe5 (43. dxe5 Rcxc5) 43... Ra8 44. Kxf5 Ra1 45. Rxb2 Rxb2 46. f4 Kf7 47. e4 Rb5 48. h5 Rxc5+ {Black mates.} 49. dxc5 {KR-KP} Ra5 50. e5 Rxc5 51. g4 Rc6 52. g5 g6+ 53. hxg6+ Rxg6 54. gxh6 Rxh6 {KR-KPP} 55. Kg5 Rh1 56. Kf5 Rf1 57. Kg5 Ke6 58. Kg4 Rg1+ {Accuracy: White = 66%, Black = 88%.} 0-1

[Event "Anderssen Memorial Open-A 2020"]
[Site "Wroclaw"]
[Date "2020.08.04"]
[Round "5.8"]
[White "Golecki, Jan"]
[Black "Piekielny, Pawel"]
[Result "0-1"]
[WhiteElo "2106"]
[BlackElo "2099"]
[Annotator "TA"]
[PlyCount "89"]
[EventDate "2020.08.01"]
[EventType "swiss"]
[EventCountry "POL"]
[SourceTitle "playchess.com"]
[Source "ChessBase"]
[SourceQuality "1"]

{[%evp 11,89,0,0,4,0,0,7,6,11,11,20,17,29,6,6,6,13,0,6,18,12,10,22,14,25,0,0,-13,0,0,0,0,0,0,0,-14,0,-6,-6,-6,-11,-5,0,-8,11,-7,0,0,0,0,0,0,0,0,0,0,0,0,-4,-13,0,-66,-71,-81,-79,-143,-143,-143,-143,-718,-712,-701,-669,-29986,-29987,-29987,-29988,-29988,-29989,-29995]} 1. e4 e6 2. d4 d5 3. Nd2 Be7 4. Bd3 c5 5. dxc5 Nf6 6. Qe2 O-O 7. Ngf3 {C03: French Tarrasch: Unusual Black 3rd moves.} a5 8. O-O Na6 9. e5 {[#] Strongly threatening Bxa6.The position is equal.} Nd7 10. c4 Ndxc5 11. Bb1 d4 12. Rd1 {White wants to play Ne4.} d3 13. Qe3 b6 {[#]} 14. Ne4 $146 ({Predecessor:} 14. Ne1 Bb7 15. Nxd3 Qc7 16. Nf4 Rfd8 17. Re1 Bg5 18. Nf1 Nb4 19. Qg3 Bxf4 20. Bxf4 {½-½ (57) Liang,A (2552)-So,W (2786) Saint Louis 2018}) 14... Nxe4 15. Qxe4 Nc5 $1 {[%cal Rc5e4]} 16. Qe3 {[%cal Rb1d3]} Bb7 17. Bxd3 Nxd3 18. Rxd3 (18. Qxd3 {keeps more tension.} Qc7 19. Ng5 g6 20. Qe2 Rfd8 21. Bf4) 18... Qc7 19. b3 Bxf3 20. gxf3 Rfd8 21. Rxd8+ Rxd8 22. Qe4 Rd1+ 23. Kg2 Bc5 24. Qa8+ Rd8 25. Qe4 Bd4 26. Rb1 Bxe5 27. Bg5 $132 {[%mdl 2048] White puts up resistance} Re8 28. f4 Bd6 29. f5 $1 h6 30. Be3 Be5 31. Rd1 exf5 32. Qxf5 Re6 33. h4 {[#]} b5 $1 {[%mdl 512]} 34. h5 (34. cxb5 Qb7+) 34... bxc4 35. bxc4 Bf6 36. Rb1 ({White should try} 36. c5 $11) 36... Re5 $15 37. Qg4 Bg5 38. Bd4 (38. Rb5 $142) 38... Qxc4 $17 39. Rb8+ Kh7 40. Kg3 $2 {[%mdl 8192] This costs White the game.} (40. Qd7 $17 Qd5+ 41. Qxd5 Rxd5 42. Bb2) 40... f5 $19 41. Qd1 Rd5 42. Qe1 {And now Rh8+! would win.} Rxd4 {Black mates.} 43. Rh8+ Kxh8 44. Qe8+ Qg8 45. Qf8 {Accuracy: White = 77%, Black = 97%.} 0-1

[Event "Anderssen Memorial Open-A 2020"]
[Site "Wroclaw"]
[Date "2020.08.04"]
[Round "5.9"]
[White "Szczesniak, Konrad"]
[Black "Gardian, Adam"]
[Result "0-1"]
[WhiteElo "2033"]
[BlackElo "1723"]
[Annotator "TA"]
[PlyCount "126"]
[EventDate "2020.08.01"]
[EventType "swiss"]
[EventCountry "POL"]
[SourceTitle "playchess.com"]
[Source "ChessBase"]
[SourceQuality "1"]

{[%evp 23,126,-6,-2,-16,50,34,34,34,54,64,43,46,34,33,14,14,23,32,48,56,70,66,68,70,110,119,106,116,140,139,128,135,126,133,135,110,90,33,51,0,77,65,63,5,7,-3,-3,-3,-3,-7,-7,-23,0,0,0,0,0,-8,0,-116,-112,-162,-44,-44,-44,-52,-51,-62,-52,-53,-47,-54,-56,-75,-39,-66,0,-78,-78,-129,-129,-129,-129,-7691,-7691,-6087,-598,-5298,-5356,-4813,-4917,-4630,-2375,-29970,-29974,-29976,-29980,-29976,-29977,-29983,-29984,-29984,-29985,-29984,-29986]} 1. d4 Nf6 2. c4 e6 3. Nc3 Bb4 4. e3 d5 5. Bd3 O-O 6. Nge2 c5 7. O-O Nc6 8. a3 Bxc3 9. bxc3 b6 10. Ng3 Ba6 11. cxd5 Bxd3 12. Qxd3 exd5 13. a4 {E49: Nimzo-Indian: Rubinstein: 5 Bd3 d5 6 a3 Bxc3+ 7 bxc3.} c4 {[#]} (13... Re8 $11) 14. Qf5 $146 ({Predecessor:} 14. Qc2 Na5 15. f3 Nb3 16. Ra2 Re8 17. e4 Nxc1 18. Rxc1 Qc7 19. e5 Nd7 20. f4 a6 {½-½ (28) Smaraki,M (1771)-Meenal,G (2056) Kankarbagh 2017}) 14... Qc8 15. Qg5 {White is slightly better.} h6 16. Qf4 $1 Re8 17. f3 $1 Qb8 18. Qh4 {And now Nf5 would win.} Ne7 $1 19. Nh5 Nxh5 20. Qxh5 Qd6 21. e4 Qg6 22. Qxg6 Nxg6 23. e5 Reb8 24. f4 b5 25. f5 Nf8 26. axb5 Rxb5 27. Ra6 $1 Rb3 {[#]} 28. Bd2 $1 Rb2 29. Be1 Re2 30. Bf2 ({Better is} 30. h3 $16) 30... Rc2 $14 31. Be1 Re2 $1 32. Bg3 Rc2 33. Re1 (33. Rf3 $14) 33... Rxc3 $11 34. e6 fxe6 35. fxe6 {Strongly threatening e7.} Re8 36. e7 Nh7 37. Rxa7 Rd3 38. Be5 $1 c3 39. Rc7 Ng5 40. Rf1 Ne6 41. Ra7 (41. Rb7 $1 $11 Kh7 42. Rc1) 41... c2 $17 42. Ra2 {[#]} Rxe7 (42... Rd2 $1 $19 43. Ra7 Kh7) 43. Rxc2 $15 Nxd4 44. Rc8+ Kh7 45. Bxd4 Rxd4 {[%mdl 4096] Endgame KRR-KRR} 46. h3 Rd2 {Hoping for ...Ree2.} 47. Rf3 Rd7 48. Rcc3 Kg6 49. Rc6+ Kh7 50. Rcc3 d4 51. Rcd3 (51. Rc1 $142) 51... Rxd3 $17 52. Rxd3 {KR-KR} Kg6 53. Rf3 $2 {[%mdl 8192] White does not recover from this.} (53. Kf2 $17) 53... d3 $19 54. Rf1 h5 (54... Kg5 $142 55. Rd1 d2) 55. h4 d2 56. Rd1 Kf5 57. Kf2 Kg4 58. Ke3 Kxh4 {Black mates.} 59. Kf4 g5+ 60. Kf3 Rf7+ 61. Ke3 Kg3 62. Rxd2 Re7+ 63. Kd3 Rd7+ {Accuracy: White = 74%, Black = 83%.} 0-1

[Event "Anderssen Memorial Open-A 2020"]
[Site "Wroclaw"]
[Date "2020.08.04"]
[Round "5.10"]
[White "Borowski, Przemyslaw"]
[Black "Kowalczyk, Wojciech"]
[Result "1-0"]
[WhiteElo "1790"]
[BlackElo "1873"]
[Annotator "NA RC"]
[PlyCount "105"]
[EventDate "2020.08.01"]
[EventType "swiss"]
[EventCountry "POL"]
[SourceTitle "playchess.com"]
[Source "ChessBase"]
[SourceQuality "1"]
[TimeControl "40/5400+15:1800+30"]

{[%evp 15,105,17,4,0,0,-10,-16,-25,-12,-19,-9,-28,32767,32767,32767,-40,-39,-67,32767,32767,32767,32767,32767,-141,-162,-175,-40,-44,-79,-149,32767,-145,-129,-135,-92,-148,-147,-141,-138,-193,32767,-74,-66,-83,-60,-125,-132,-204,-188,-214,-72,-82,-94,-90,-104,-94,-97,-112,-18,-16,0,-102,0,32767,32767,32767,32767,32767,123,91,92,104,236,286,32767,35,32767,621,516,681,32767,585,32767,32767,32767,32767,644,32767,729,683,891,866]} 1. d4 {[%emt 0:00:00]} Nf6 {[%emt 0:00:00]} 2. c4 {[%emt 0:00:00]} g6 {[%emt 0:00:00]} 3. Nc3 {[%emt 0:00:00]} Bg7 {[%emt 0:00:00]} 4. e4 {[%emt 0:00:00]} d6 {[%emt 0:00:00]} 5. Be2 {[%emt 0:00:00]} O-O {[%emt 0:00:00]} 6. h3 {[%emt 0:00:00]} e5 {[%emt 0:06:24] E73: King's Indian: Averbakh Variation without 6...c5.} 7. d5 {[%emt 0:00:00]} Na6 {[%emt 0:00:49]} 8. g4 {[%emt 0:01:35]} Nc5 {[%emt 0:01:24]} 9. Qc2 {[%emt 0:00:00]} c6 {[%emt 0:03:18] [#]} 10. g5 $146 {[%emt 0:00:10]} ({Predecessor:} 10. b4 Na6 11. a3 cxd5 12. cxd5 Nc7 13. g5 Nfe8 14. h4 f5 15. gxf6 Nxf6 16. h5 Nxh5 17. Bxh5 gxh5 18. Rxh5 {0-1 (29) Laczay,I (1968)-Polevoy,N (2109) IECG email 2003}) 10... Ne8 {[%emt 0:01:50]} 11. b4 {[%emt 0:05:01]} Nd7 {[%emt 0:08:26]} 12. h4 {[%emt 0:04:31]} cxd5 {[%emt 0:10:36]} 13. Nxd5 {[%emt 0:04:46]} Nc7 {[%emt 0:01:20]} 14. Nxc7 {[%emt 0:02:13]} Qxc7 {[%emt 0:00:00]} 15. Be3 {[%emt 0:04:30]} a5 {[%emt 0:02:13]} 16. b5 {[%emt 0:00:54]} Rd8 {[%emt 0:05:32]} 17. O-O-O {[%emt 0:01:29]} Nf8 {[%emt 0:00:44]} 18. b6 {[%emt 0:08:42]} Qc6 {[%emt 0:04:13]} 19. c5 {[%emt 0:06:46]} Be6 {[%emt 0:06:35]} 20. cxd6 {[%emt 0:01:12]} Rxd6 {[%emt 0:06:03]} ({Black should play} 20... Qe8 $17 21. Kb1 Rac8) 21. Qxc6 {[%emt 0:00:14]} Rxc6+ {[%emt 0:00:01]} 22. Kb2 {[%emt 0:01:04]} ({White should play} 22. Kb1) 22... Rac8 {[%emt 0:01:22]} 23. Rc1 {[%emt 0:06:03]} Rxc1 {[%emt 0:08:26]} 24. Bxc1 {[%emt 0:00:00] [#]} Bxa2 $1 {[%emt 0:00:14]} 25. Rh3 {[%emt 0:10:11]} Be6 {[%emt 0:13:37]} 26. Ra3 {[%emt 0:00:30]} Nd7 {[%emt 0:02:38]} 27. Be3 {[%emt 0:00:01]} Rc6 {[%emt 0:04:29]} 28. Rxa5 {[%emt 0:04:47]} Nxb6 {[%emt 0:01:38]} 29. Ra7 {[%emt 0:00:35]} Bf8 {[%emt 0:01:42]} 30. Bb5 {[%emt 0:08:37]} (30. Nf3 $1 $15) 30... Nc4+ {[%emt 0:00:53]} 31. Kc3 {[%emt 0:08:18]} (31. Bxc4 $17 Rxc4 32. f3) 31... Rc8 {[%emt 0:00:23]} 32. Bxc4 {[%emt 0:01:55]} Rxc4+ {[%emt 0:00:00]} (32... Bxc4 $19 {and Black stays clearly on top.} 33. Kb2 Ba6) 33. Kd3 {[%emt 0:00:19]} b5 {[%emt 0:00:28]} 34. Nf3 {[%emt 0:00:10]} Bd6 {[%emt 0:01:02]} 35. Ra6 {[%emt 0:00:41]} Bc7 {[%emt 0:00:09]} 36. Nd2 {[%emt 0:00:27]} Rc1 {[%emt 0:01:19]} 37. Nf3 {[%emt 0:00:28]} Rc4 {[%emt 0:00:01]} 38. Nd2 $1 {[%emt 0:00:02]} Rc1 {[%emt 0:00:02]} ({Black should play} 38... Ra4 $17 39. Rc6 Ra3+ 40. Ke2 Bb8) 39. Nf3 {[%emt 0:00:00]} Rd1+ {[%emt 0:00:03]} 40. Bd2 {[%emt 0:00:00]} Bc4+ {[%emt 0:00:00]} 41. Kc2 {[%emt 0:17:37]} Rf1 {[%emt 0:23:40] [#]} (41... Be2 $11 {keeps the balance.} 42. Ra8+ Kg7) 42. Bb4 {[%emt 0:03:31]} (42. Be3 $142 $1) 42... Rxf2+ {[%emt 0:02:22]} 43. Nd2 {[%emt 0:00:07] [#]} h5 {[%emt 0:02:30]} (43... h6 $1 $16 {was called for.}) 44. Rc6 {[%emt 0:01:01] Double Attack} Rf4 {[%emt 0:03:17]} 45. Nxc4 $2 {[%emt 0:03:01]} ({Only move:} 45. Rxc7 $18 f5 46. gxf6 Rxf6 47. Be7) 45... bxc4 {[%emt 0:00:49]} 46. Rxc7 {[%emt 0:00:34]} f5 {[%emt 0:01:28]} 47. gxf6 {[%emt 0:00:34]} Rxf6 {[%emt 0:00:22]} 48. Be7 {[%emt 0:00:48]} Rf7 {[%emt 0:01:01]} 49. Rc8+ {[%emt 0:00:07]} Kg7 {[%emt 0:00:10]} 50. Bg5 {[%emt 0:00:10]} Rf2+ {[%emt 0:00:21]} 51. Kc3 {[%emt 0:00:14]} Re2 {[%emt 0:00:55]} 52. Rxc4 {[%emt 0:01:29]} Re1 $18 {[%emt 0:00:22]} 53. Rc7+ {[%emt 0:00:39]} 1-0